=LDR 00000nam 2200000 4500 =001 INLIS000000000023914 =005 20130612122531 =008 ***********************************Ind** =035 ##$$0010-061300000023914 =041 ##$$a Ind =082 ##$$a 372.218 =090 ##$$a 372.218, Nat p =100 ##$$a Natalia A =245 ##$$a Pintar berhitung matematika untuk taman kanak-kanak, Natalia =260 ##$$a [s.a] $b Surabaya =300 ##$$a 28 hlm., 21 cm =650 ##$$a Matematika =850 ##$$a NBPNMAT